Ładuje się......
Turtles all the way down
| 1. autor: | |
|---|---|
| Format: | Printed Book |
| Wydane: |
UK
Penguin Random House
2017
|
| Hasła przedmiotowe: |
| LEADER | 00538nam a22001697a 4500 | ||
|---|---|---|---|
| 003 | OSt | ||
| 020 | |a 9780241335437 | ||
| 082 | |a 823.1 |b GRE/TU | ||
| 100 | |a Green John | ||
| 245 | |a Turtles all the way down | ||
| 260 | |a UK |b Penguin Random House |c 2017 | ||
| 300 | |a 286p. | ||
| 546 | |a English | ||
| 650 | |a Novel | ||
| 942 | |2 ddc |c BK | ||
| 999 | |c 160860 |d 160860 | ||
| 952 | |0 0 |1 0 |2 ddc |4 0 |6 823_100000000000000_GRETU |7 0 |8 Gen |9 159603 |a KAUCLV |b KAUCLV |c GENERAL |d 2018-06-08 |g 599.00 |l 9 |o 823.1 GRE/TU |p 228488 |q 2020-09-26 |r 2020-09-09 |s 2020-09-09 |w 2018-06-08 |y BK | ||